000 00894cam a2200205 a 4500
020 _a1591242444 (electronic bk.)
082 _a620.1123
_bMEG
_cD
100 1 _aMegson, T. H. G.
_941173
245 1 0 _aStructural and stress analysis
_cT.H.G. Megson.
260 _aOxford [England] ;
_aWoburn, Mass. :
_bButterworth-Heinemann,
_c2000, c1996.
300 _axii, 641 p. :
_bill. ;
_c25 cm.
520 _aThis book discusses the determination of the strength and stiffness of civil engineering structures - determining the loads they will support before failure and the displacements the loads produce.
526 _a0
_b0
_c0
_d620_112300000000000_MEG
650 0 _aMCE
_9379
650 0 _aStrains and stresses.
_928238
650 0 _aStructural analysis (Engineering)
_9654
710 2 _aKnovel (Firm)
_940981
856 4 0 _uhttp://www.columbia.edu/cgi-bin/cul/resolve?clio3333830
942 _2ddc
_cBK
999 _c545353
_d545353